000 00460nam a2200169Ia 4500
005 20250424120336.0
008 250424s9999 xx 000 0 und d
022 _a24086177
050 _aJZ 1242 .V86/
245 0 _aVUNA journal of history and international relation : a peer reviewed journal
260 _aAbuja, Nigeria
260 _bVUNA
260 _c2019
300 _av, 225 p. :ill. ; 23 cm.
650 _aInternational relations.
942 _cSR
999 _c38770
_d38770